| 000 | 00719nam a2200289Ia 4500 | ||
|---|---|---|---|
| 001 | Z_4867 | ||
| 003 | CHAP | ||
| 008 | 220113s2001 xx 000 0 und d | ||
| 010 | _a167921 | ||
| 040 | _cCHAP | ||
| 082 | _a636.085 F4 | ||
| 100 |
_aFévrier, C _9142160 |
||
| 245 |
_aWorkshop on protein feed for animal production in Central and Eastern Europe / _cpor C Février and others |
||
| 260 |
_aWageningen : _bINRA, _c2001 |
||
| 300 | _a169 p. | ||
| 440 | _a | ||
| 500 | _a | ||
| 503 | _a222264 | ||
| 650 | 0 |
_aNutrición animal _9137346 |
|
| 650 |
_aProteínas en nutrición animal _992454 |
||
| 901 | _a636.085 F4 | ||
| 902 | _aA | ||
| 910 | _a2001 | ||
| 942 | _c1 | ||
| 942 | _cc1 | ||
| 999 |
_c167921 _d167921 |
||